| 000 | 01018naa a22002657a 4500 | ||
|---|---|---|---|
| 001 | BR7901971 | ||
| 003 | BR-BrBNA | ||
| 005 | 20240918174344.0 | ||
| 007 | ta | ||
| 008 | 230509b bl.||||| |||| 00| 0 por d | ||
| 040 |
_aBR-BrBNA _bpor _cBiblioteca Nacional de Agricultura |
||
| 041 | _a(Pt) | ||
| 072 |
_aP05 _b8961 |
||
| 090 | _aP05 BR7901971 | ||
| 100 | 1 | _aRibeiro, R.D. | |
| 245 | 1 | _aAlcool [industrializacao] | |
| 260 | 3 |
_aRio de Janeiro, RJ (Brasil): _bGlobo, _c1978. |
|
| 500 | _aMagalhaes, A.; Bordini, M. da G. (eds.) Grande manual globo de agricultura, pecuaria e receituario industrial Rio de Janeiro, RJ (Brasil): Globo, 1978. p. 49-61 (BR7901971-AM)P05 | ||
| 650 | _aRECURSO ENERGETICO | ||
| 650 | _aALCOOL | ||
| 650 | _aINDUSTRIALIZACAO | ||
| 773 | 0 |
_tGrande manual globo de agricultura, pecuaria e receituario industrial _aMagalhaes, A.; Bordini, M. da G. (eds.) _b _wP05 BR7901971 _gRio de Janeiro, RJ (Brasil), 1978. p. 49-61 |
|
| 909 |
_a202404 _bLucia _c55 _dLucia Elande |
||
| 942 |
_cAM _2AGRIS |
||
| 999 |
_c310680 _d310680 |
||